• 首页
  • 本馆介绍
  • 公告通知
  • 最新文献
  • 馆藏检索
  • 电子资源
  • 读者导购
  • 参考咨询
  • 我的图书馆
  • 登录
  • 详细信息显示
  • 放入我的书架
  • 预约/预借图书
  • 作者相关作品
  • 分类相关作品
  • 丛书相关作品
  • 出版社相关作品

书目信息

  • 表格格式
  • 工作单格式
  • 卡片格式
题名:
权力宰制理性
    
 
作者: 葛荃 著
分册:  
出版信息: 天津   南开大学出版社  2003
页数: 252页
开本: 21cm
丛书名:
单 册:
中图分类: D691.7
科图分类:
主题词: 知识分子--研究--中国--古代
电子资源:
ISBN: 7-310-01959-8
000 00916nam0 2200241 450
001 070024518540
005 20050913083656.64
010    @a7-310-01959-8@dCNY18.00
100    @a20040313e20042003ekmy0chiy0120 ea
101 0  @achi
102    @aCN@b120000
105    @ay z 000yy
200 1  @a权力宰制理性@Aquan li zai zhi li xing@e士人、传统政治文化与中国社会@f葛荃著@Fge quan zhu
210    @a天津@c南开大学出版社@d2003
215    @a252页@d21cm
300    @a教育部人文社会科学重点研究基地基金资助
330    @a本书对中国古代知识分子问题进行研究,具体对于士人在中国传统社会的存在形式进行判断与定位,并以这一定位为全书的分析视角,进行贯通全文的陈述。
517 1  @a士人、传统政治文化与中国社会@Ashi ren 、 chuan tong zheng zhi wen hua yu zhong guo she hui
606 0  @a知识分子@x研究@y中国@z古代
690    @aD691.7@v4
701  0 @a葛荃@Age quan@4著
801  0 @aCN@bTSSF@c20050913
905    @a10447@dD691.7@e93
    
    权力宰制理性:士人、传统政治文化与中国社会/葛荃著.-天津:南开大学出版社,2003
    252页;21cm
    教育部人文社会科学重点研究基地基金资助
    
    ISBN 7-310-01959-8:CNY18.00
    本书对中国古代知识分子问题进行研究,具体对于士人在中国传统社会的存在形式进行判断与定位,并以这一定位为全书的分析视角,进行贯通全文的陈述。
●
相关链接 在E读中查询图书 在五车中查询图书 在当当中查询图书 在豆瓣中查询图书


正题名:权力宰制理性     索取号:D691.7/93         预约/预借

序号 登录号 条形码 馆藏地/架位号 状态 备注
1 0361108   3611087   第一样本阅览室/ [索取号:D691.7/93] 在馆    
2 0361109   3611096   第一借阅区/ [索取号:D691.7/93] 在馆    
3 0361110   3611103   第一借阅区/ [索取号:D691.7/93] 在馆    
4 0361111   3611112   第一借阅区/ [索取号:D691.7/93] 在馆    
5 0361112   3611121   第一借阅区/ [索取号:D691.7/93] 在馆    
唐山师范学院图书馆 欢迎您!
大连网信软件有限公司© 版权所有